| 000 | 01164nam a22002897a 4500 | ||
|---|---|---|---|
| 999 |
_c7301 _d7301 |
||
| 003 | AR-CdUCM | ||
| 008 | 190320b ||||| |||| 00| 0 spa d | ||
| 040 |
_aMUNICIPALIDAD PROVINCIAL DEL CUSCO _cBIBLIOTECA MUNICIPAL DEL CUSCO |
||
| 041 | _heng | ||
| 082 |
_a526 / _bP25 |
||
| 100 |
_aPapy, Frederique _920592 |
||
| 245 | _aMatematica Moderna / | ||
| 260 |
_aBuenos Aires : _bUniversitaria de Buenos Aires, _c1970. |
||
| 300 |
_aXXXII, tomos; _bIlustraciones, dibujos, graficos, _c23 cm. |
||
| 440 |
_aLa escuela en el tiempo _920593 |
||
| 500 | _aMatematica Moderna | ||
| 505 | _aContenido: t.1: Términos igualdades -- Partes -- Interesccion, unión, diferencia -- Álgebra de conjuntos -- t.2: El grupo -- Graduaciones de la recta -- Axioma de Arquimedes -- t.3: Simetrías centrales -- simetrías paralelas -- ortogonales -- isometrias -- desplazamiento... | ||
| 650 |
_aMatematica _920026 |
||
| 650 |
_aSimetrias _920594 |
||
| 650 |
_aDesplazamientos _920595 |
||
| 650 |
_aModerna _919323 |
||
| 700 |
_aDumrauf, Irma _920596 |
||
| 700 |
_aMerino, Eutimio _920597 |
||
| 700 |
_aGonzales Baro, Estela _920598 |
||
| 942 |
_2ddc _cLIBROS |
||
| 945 | _apjha | ||